<?xml version="1.0" encoding="UTF-8"?>
<record
    xmlns:xsi="http://www.w3.org/2001/XMLSchema-instance"
    xsi:schemaLocation="http://www.loc.gov/MARC21/slim http://www.loc.gov/standards/marcxml/schema/MARC21slim.xsd"
    xmlns="http://www.loc.gov/MARC21/slim">

  <leader>02152nam a2200301 i 4500</leader>
  <controlfield tag="001">16081</controlfield>
  <controlfield tag="003">DO-SdUEMH</controlfield>
  <controlfield tag="005">20251128172840.0</controlfield>
  <controlfield tag="007">ta</controlfield>
  <controlfield tag="008">211105s1994||||dr  |||gr|||||||1 | spa d</controlfield>
  <datafield tag="040" ind1=" " ind2=" ">
    <subfield code="a">DO-SdUEMH</subfield>
    <subfield code="b">spa</subfield>
    <subfield code="e">rda</subfield>
  </datafield>
  <datafield tag="041" ind1=" " ind2=" ">
    <subfield code="a">spa</subfield>
  </datafield>
  <datafield tag="082" ind1="1" ind2="4">
    <subfield code="a">RD 972.93053 G216G</subfield>
    <subfield code="b">G216</subfield>
    <subfield code="m">RD</subfield>
  </datafield>
  <datafield tag="084" ind1=" " ind2=" ">
    <subfield code="b">08-00954</subfield>
  </datafield>
  <datafield tag="100" ind1=" " ind2=" ">
    <subfield code="a">GARCiA, JOSE GABRIEL, 1834-1910</subfield>
    <subfield code="e">aut</subfield>
  </datafield>
  <datafield tag="245" ind1=" " ind2=" ">
    <subfield code="a">Guerra de la separaci&#xF3;n dominicana: </subfield>
    <subfield code="b">documentos para su historia /</subfield>
    <subfield code="c">Garc&#xED;a, Jos&#xE9; Gabriel.</subfield>
  </datafield>
  <datafield tag="250" ind1=" " ind2=" ">
    <subfield code="a">Segunda edici&#xF3;n</subfield>
  </datafield>
  <datafield tag="260" ind1=" " ind2=" ">
    <subfield code="c">1994</subfield>
  </datafield>
  <datafield tag="264" ind1=" " ind2="1">
    <subfield code="a">Santo Domingo, Rep&#xFA;blica Dominicana :</subfield>
    <subfield code="b">Alfa &amp; Omega,</subfield>
    <subfield code="c">1994</subfield>
  </datafield>
  <datafield tag="264" ind1=" " ind2="4">
    <subfield code="c">&#xA9;1994</subfield>
  </datafield>
  <datafield tag="300" ind1=" " ind2=" ">
    <subfield code="a">143 p&#xE1;ginas :</subfield>
    <subfield code="b">sin ilustraciones ;</subfield>
    <subfield code="c">22 cm.</subfield>
  </datafield>
  <datafield tag="336" ind1=" " ind2=" ">
    <subfield code="2">rdacontent</subfield>
    <subfield code="a">texto</subfield>
    <subfield code="b">txt</subfield>
  </datafield>
  <datafield tag="337" ind1=" " ind2=" ">
    <subfield code="2">rdamedia</subfield>
    <subfield code="a">sin mediaci&#xF3;n</subfield>
    <subfield code="b">n</subfield>
  </datafield>
  <datafield tag="338" ind1=" " ind2=" ">
    <subfield code="2">rdacarrier</subfield>
    <subfield code="a">volumen</subfield>
    <subfield code="b">nc</subfield>
  </datafield>
  <datafield tag="505" ind1=" " ind2="2">
    <subfield code="a">Cap&#xED;tulo I: Preliminares (Pronunciamiento de la Puerta del Conde, Capitulaci&#xF3;n y Protesta) -- Cap&#xED;tulo II: Primera Campa&#xF1;a (Acciones de la Fuente del Rodeo, Las cabezas de las Mar&#xED;as y Azua, Abandono de esta poblaci&#xF3;n, Sus consecuencias, Talanquera y Santiago, Sus resultados, Guayub&#xED;n, Tortuguero, Retirada del ej&#xE9;rcito haitiano, Ocupaci&#xF3;n de Azua, Neiva, San Juan y Las Matas, Primer ataque de Caciman) -- Cap&#xED;tulo III: Segunda Campa&#xF1;a (Comendador, Segundo ataque de Caciman, Primero de El Puerto, Las Cahobas, Hondovalle, Los Pinos, El Oreganal, Tercer ataque de Caciman, Estrelleta, Beler, Malu&#xED;s o La Posa del Diablo) -- Cap&#xED;tulo IV: Tercera Campa&#xF1;a (Rumores de invasi&#xF3;n, Preparativos, Acontecimientos de Las Matas, Progreso de invasi&#xF3;n, P&#xE9;rdida de Azua, El N&#xFA;mero 1, Las Charcas, Sus consecuencias, Guerra ofensiva, Operaciones mar&#xED;timas) -- Cap&#xED;tulo V: La Tregua (El Callej&#xF3;n y Postrer R&#xED;o, Operaciones sobre las fronteras del Norte, Otros incidentes, Actitud patri&#xF3;tica del gobierno) -- Cap&#xED;tulo VI: Cuarta Campa&#xF1;a (Preparativos para la resistencia, Rompimiento de las hostilidades, San Jos&#xE9;, Saman&#xE1;, Cambonal, Sabana Larga, Caciman y El N&#xFA;mero 2) -- Cap&#xED;tulo VII: Ap&#xE9;ndice (Versiones haitianas respecto a los incidentes de la guerra).</subfield>
  </datafield>
  <datafield tag="942" ind1=" " ind2=" ">
    <subfield code="2">ddc</subfield>
    <subfield code="c">BK</subfield>
    <subfield code="n">0</subfield>
  </datafield>
  <datafield tag="952" ind1=" " ind2=" ">
    <subfield code="0">0</subfield>
    <subfield code="1">0</subfield>
    <subfield code="2">ddc</subfield>
    <subfield code="4">0</subfield>
    <subfield code="7">0</subfield>
    <subfield code="a">UNIREMSEDE</subfield>
    <subfield code="b">UNIREMSEDE</subfield>
    <subfield code="c">RD</subfield>
    <subfield code="d">2025-11-28</subfield>
    <subfield code="e">2</subfield>
    <subfield code="l">0</subfield>
    <subfield code="o">RD</subfield>
    <subfield code="p">UNIREMHOS-SED765</subfield>
    <subfield code="r">2021-11-05 00:00:00</subfield>
    <subfield code="w">2021-11-05</subfield>
    <subfield code="y">BK</subfield>
  </datafield>
  <datafield tag="999" ind1=" " ind2=" ">
    <subfield code="c">16081</subfield>
    <subfield code="d">16081</subfield>
  </datafield>
</record>
